[Event "GER-chT U12"]
[Site "Magdeburg"]
[Date "2023.12.28"]
[Round "4.6"]
[White "Heil, Felix"]
[Black "Schmitz, Constantin"]
[Result "0-1"]
[WhiteElo "1289"]
[BlackElo "1544"]
[PlyCount "64"]
[EventDate "2023.12.26"]
[EventType "team-swiss"]
[EventRounds "7"]
[EventCountry "GER"]
[SourceTitle "CB03_2024"]
[SourceDate "2024.01.17"]
[SourceVersion "1"]
[SourceVersionDate "2024.01.17"]
[SourceQuality "1"]
[WhiteTeam "Hamburger SK"]
[BlackTeam "Duesseldorf SV"]
[WhiteTeamCountry "GER"]
[BlackTeamCountry "GER"]

1. e4 c5 2. Nf3 Nc6 3. c3 d5 4. d3 dxe4 5. dxe4 Qxd1+ 6. Kxd1 Bg4 7. Be2 Nf6 8. Nbd2 Rd8 9. Ke1 Bxf3 10. Bxf3 Ne5 11. Be2 g6 12. Bb5+ Nfd7 13. f4 a6 14. Be2 Nc6 15. Nf3 e5 16. g3 Bg7 17. Be3 0-0 18. Kf2 b6 19. Bxa6 f5 20. Bd3 exf4 21. Bxf4 Nde5 22. Nxe5 Nxe5 23. Bxe5 fxe4+ 24. Ke1 exd3 25. Bxg7 Kxg7 26. Rf1 Rfe8+ 27. Kd1 Re2 28. Rb1 Rxh2 29. a4 Rf8 30. Rxf8 Kxf8 31. b4 Rh1+ 32. Kd2 Rxb1 0-1

[Event "Krefeld op"]
[Site "Krefeld"]
[Date "2023.08.04"]
[Round "5"]
[White "Wartenberg, Alissa"]
[Black "Schmitz, Constantin"]
[Result "0-1"]
[WhiteElo "1825"]
[BlackElo "1508"]
[PlyCount "94"]
[EventDate "2023.08.02"]
[EventType "swiss"]
[EventRounds "9"]
[EventCountry "GER"]
[SourceTitle "CBM 215 Extra"]
[Source "ChessBase"]
[SourceDate "2023.09.30"]
[SourceVersion "1"]
[SourceVersionDate "2023.09.30"]
[SourceQuality "1"]

1. e4 c5 2. Nf3 Nc6 3. d4 cxd4 4. Nxd4 g6 5. Nc3 Bg7 6. Be3 Nf6 7. Nxc6 bxc6 8. e5 Nd5 9. Nxd5 cxd5 10. Qxd5 Rb8 11. Bxa7 Rb4 12. Bc4 0-0 13. 0-0 Bb7 14. Qc5 Ra4 15. Bb5 Rg4 16. f3 Rg5 17. Rfe1 Bxf3 18. Bf1 Bc6 19. Re2 Qc7 20. Bb6 Qb7 21. Rae1 d6 22. Qf2 Bxe5 23. Bd4 Bxd4 24. Qxd4 Re8 25. a3 h5 26. c4 Rg4 27. Qd3 Qb6+ 28. Kh1 e6 29. b4 Rc8 30. Rd2 h4 31. b5 Ba8 32. Qe3 Qc7 33. Rd4 Rxd4 34. Qxd4 h3 35. Rc1 hxg2+ 36. Bxg2 Bxg2+ 37. Kxg2 Qb7+ 38. Kg1 Rc5 39. h4 Qf3 40. Rc3 Qf5 41. Rc1 Re5 42. Rf1 Qh3 43. Qf2 Qg4+ 44. Kh1 Rf5 45. Qg2 Qxh4+ 46. Kg1 Rg5 47. b6 Qd4+ 0-1

[Event "GER-ch U12"]
[Site "Willingen"]
[Date "2023.06.01"]
[Round "7"]
[White "Schmitz, Constantin"]
[Black "Gavrylyuk, Oleksandr"]
[Result "1-0"]
[WhiteElo "1577"]
[BlackElo "1226"]
[PlyCount "99"]
[EventDate "2023.05.27"]
[EventType "swiss"]
[EventRounds "9"]
[EventCountry "GER"]
[SourceTitle "CBM 214 Extra"]
[Source "ChessBase"]
[SourceDate "2023.07.31"]
[SourceVersion "1"]
[SourceVersionDate "2023.07.31"]
[SourceQuality "1"]

1. d4 d5 2. c4 c6 3. Nc3 Nf6 4. Nf3 e6 5. Bg5 Be7 6. e3 Nbd7 7. Bd3 dxc4 8. Bxc4 b5 9. Be2 Bb7 10. 0-0 0-0 11. Rc1 h6 12. Bh4 a6 13. a3 Rc8 14. b4 a5 15. Qb3 a4 16. Qd1 Re8 17. h3 Nd5 18. Bg3 N7f6 19. Qd2 Nxc3 20. Qxc3 Ne4 21. Qd3 Nxg3 22. fxg3 Qd6 23. g4 Red8 24. Nd2 Ra8 25. Ne4 Qd5 26. Bf3 Qd7 27. Nc5 Bxc5 28. Rxc5 Rac8 29. g5 hxg5 30. Rxg5 Qe7 31. Rh5 g6 32. Rc5 e5 33. Qe4 Rd5 34. Rfc1 Rxc5 35. Rxc5 Qe6 36. Rxe5 Qb3 37. Re7 Qxa3 38. Rxb7 Qc1+ 39. Kh2 a3 40. Ra7 Qc3 41. h4 Qb3 42. h5 gxh5 43. Bxh5 Rf8 44. Re7 a2 45. Re5 a1Q 46. Rg5+ Kh8 47. Qh4 Qbb1 48. Bg6+ Kg7 49. Bxb1+ Kf6 50. Rg8+ 1-0

[Event "GER-ch U12"]
[Site "Willingen"]
[Date "2023.05.30"]
[Round "4"]
[White "Junge, Mattheo Gabriel"]
[Black "Schmitz, Constantin"]
[Result "1-0"]
[WhiteElo "1302"]
[BlackElo "1577"]
[PlyCount "97"]
[EventDate "2023.05.27"]
[EventType "swiss"]
[EventRounds "9"]
[EventCountry "GER"]
[SourceTitle "CBM 214 Extra"]
[Source "ChessBase"]
[SourceDate "2023.07.31"]
[SourceVersion "1"]
[SourceVersionDate "2023.07.31"]
[SourceQuality "1"]

1. e4 c5 2. b3 Nc6 3. Bb2 d6 4. Bb5 Bd7 5. f4 e5 6. Nf3 exf4 7. 0-0 Nf6 8. Nc3 Be7 9. d3 0-0 10. Qd2 a6 11. Bxc6 Bxc6 12. Qxf4 b5 13. Rae1 Nd7 14. Ne2 Bf6 15. Bxf6 Nxf6 16. Ng3 g6 17. Ng5 Kg7 18. Qxf6+ Qxf6 19. Rxf6 Kxf6 20. Nxh7+ Kg7 21. Nxf8 Rxf8 22. Kf2 Kf6 23. Ke3 Ke5 24. c3 d5 25. d4+ cxd4+ 26. cxd4+ Ke6 27. Rc1 Kd7 28. Kf4 dxe4 29. Rc5 f5 30. h4 e3 31. Re5 Bxg2 32. Rxe3 Bh3 33. Re1 Kd6 34. Kg5 Kd5 35. Ne2 Bg4 36. Nf4+ Kc6 37. d5+ Kd7 38. Re6 a5 39. Rxg6 Rh8 40. h5 a4 41. h6 Ke7 42. Rg7+ Kf8 43. Ng6+ Ke8 44. Nxh8 axb3 45. axb3 b4 46. h7 Kf8 47. Ng6+ Kxg7 48. h8Q+ Kf7 49. Qf8# 1-0